000 00786nam a2200217 4500
001 148806
003 ES-MaACL
005 20250728030711.0
007 t|
008 070214s1987 sp r ||||1| spa d
020 _a84-86314-37-2
100 1 _aSubirá Jordana, Guillermina.
_9108687
245 1 0 _aEvolución histórica del puerto de Alicante /
_cGuillermina Subirá Jordana.
260 _aAlicante :
_bCaja de Ahorros Provincial,
_c1987.
300 _a245 p. :
_bil. ;
_c22 cm.
490 1 _aPublicaciones de la Caja de Ahorros Provincial ;
_v138
710 2 _aCaja de Ahorros Provincial de Alicante.
_92280
830 0 0 _aPublicaciones de la Caja de Ahorros Provincial de Alicante
_v138
_9186986
852 _aES-MaACL
_jL-12519
_bR.133889
999 _c148806
_d148806